<?xml version="1.0" encoding="UTF-8"?>
<record
    xmlns:xsi="http://www.w3.org/2001/XMLSchema-instance"
    xsi:schemaLocation="http://www.loc.gov/MARC21/slim http://www.loc.gov/standards/marcxml/schema/MARC21slim.xsd"
    xmlns="http://www.loc.gov/MARC21/slim">

  <leader>00805nam a22002057a 4500</leader>
  <controlfield tag="005">20231109120520.0</controlfield>
  <datafield tag="010" ind1=" " ind2=" ">
    <subfield code="a">HIN-126220 </subfield>
  </datafield>
  <datafield tag="020" ind1=" " ind2=" ">
    <subfield code="a">9788195006151</subfield>
    <subfield code="c"> 495.00</subfield>
  </datafield>
  <datafield tag="035" ind1=" " ind2=" ">
    <subfield code="a">HN-98566</subfield>
  </datafield>
  <datafield tag="037" ind1=" " ind2=" ">
    <subfield code="b">DBAD/PUB</subfield>
  </datafield>
  <datafield tag="082" ind1=" " ind2=" ">
    <subfield code="a">921</subfield>
  </datafield>
  <datafield tag="100" ind1=" " ind2=" ">
    <subfield code="a">&#x91C;&#x94B;&#x936;&#x940;,&#x92A;&#x94D;&#x930;&#x92B;&#x941;&#x932;&#x94D;&#x932; </subfield>
    <subfield code="9">58517</subfield>
  </datafield>
  <datafield tag="245" ind1=" " ind2=" ">
    <subfield code="a">&#x92E;&#x947;&#x930;&#x940; &#x91C;&#x940;&#x935;&#x928;&#x915;&#x925;&#x93E; &#x92E;&#x93E;&#x930;&#x94D;&#x91F;&#x93F;&#x928; &#x932;&#x942;&#x925;&#x930; &#x915;&#x93F;&#x902;&#x917; &#x91C;&#x942;&#x928;&#x93F;&#x92F;&#x930;/</subfield>
    <subfield code="c">&#x92A;&#x94D;&#x930;&#x92B;&#x941;&#x932;&#x94D;&#x932; &#x91C;&#x94B;&#x936;&#x940;</subfield>
  </datafield>
  <datafield tag="260" ind1=" " ind2=" ">
    <subfield code="a">   &#x928;&#x908;  &#x926;&#x93F;&#x932;&#x94D;&#x932;&#x940;</subfield>
    <subfield code="b">&#x92A;&#x941;&#x928;&#x93F;&#x924;  &#x92C;&#x941;&#x915;&#x94D;&#x938; ( &#x92A;&#x94D;&#x930;&#x93E;.) &#x932;&#x93F;.</subfield>
    <subfield code="c">2021</subfield>
  </datafield>
  <datafield tag="270" ind1=" " ind2=" ">
    <subfield code="a">sonia vihar </subfield>
    <subfield code="b"> &#x928;&#x908; &#x926;&#x93F;&#x932;&#x94D;&#x932;&#x940;</subfield>
  </datafield>
  <datafield tag="300" ind1=" " ind2=" ">
    <subfield code="a">  152 &#x92A;&#x943;&#x937;&#x94D;&#x920;</subfield>
    <subfield code="c"> 23  ( &#x938;&#x91C;&#x93F;&#x932;&#x94D;&#x926;) </subfield>
  </datafield>
  <datafield tag="700" ind1=" " ind2=" ">
    <subfield code="a"> </subfield>
    <subfield code="9">58119</subfield>
  </datafield>
  <datafield tag="710" ind1=" " ind2=" ">
    <subfield code="a"> </subfield>
    <subfield code="e"> </subfield>
    <subfield code="9">58117</subfield>
  </datafield>
  <datafield tag="942" ind1=" " ind2=" ">
    <subfield code="c">HN</subfield>
    <subfield code="h">921 </subfield>
    <subfield code="2">ddc</subfield>
    <subfield code="m">&#x91C;&#x94B;&#x936;&#x940;&#x92A;&#x94D;&#x930;</subfield>
  </datafield>
  <datafield tag="999" ind1=" " ind2=" ">
    <subfield code="c">198927</subfield>
    <subfield code="d">198927</subfield>
  </datafield>
  <datafield tag="952" ind1=" " ind2=" ">
    <subfield code="0">0</subfield>
    <subfield code="1">0</subfield>
    <subfield code="4">0</subfield>
    <subfield code="7">0</subfield>
    <subfield code="8">NFIC</subfield>
    <subfield code="a">BN</subfield>
    <subfield code="b">BN</subfield>
    <subfield code="d">2023-11-01</subfield>
    <subfield code="e">DBAD/PUB</subfield>
    <subfield code="g">495.00</subfield>
    <subfield code="l">0</subfield>
    <subfield code="o">921  &#x91C;&#x94B;&#x936;&#x940;&#x92A;&#x94D;&#x930;</subfield>
    <subfield code="p">HN-98566</subfield>
    <subfield code="r">2023-11-01 00:00:00</subfield>
    <subfield code="t">1</subfield>
    <subfield code="v">495.00</subfield>
    <subfield code="w">2023-11-01</subfield>
    <subfield code="y">HN</subfield>
  </datafield>
</record>
